| 000 | 00644nam a2200205 i 4500 | ||
|---|---|---|---|
| 001 | 126920 | ||
| 003 | ES-MaACL | ||
| 005 | 20250712032646.0 | ||
| 007 | t| | ||
| 008 | 070214s1967 sp f |||| |bspa d | ||
| 100 | 1 |
_aRibelles Pérez, Vicente. _996762 |
|
| 245 | 1 | 0 |
_aVicente Blasco Ibáñez / _cpor Vicente Ribelles Pérez. |
| 260 |
_aMadrid : _bPublicaciones Españolas, _c1967. |
||
| 300 |
_a42 p., [4] p. de lám. ; _c24 cm. |
||
| 490 | 1 |
_aTemas españoles ; _v480 |
|
| 600 | 1 | 4 |
_aBlasco Ibáñez, Vicente, _d1867-1928 _929388 |
| 830 | 0 |
_aTemas españoles ; _v480 _9178712 |
|
| 852 |
_aES-MaACL _j2047-F-10 |
||
| 999 |
_c126920 _d126920 |
||